01774nam a2200421 i 450000100060000000300080000600500170001400600190003100700150005000800410006502000280010603500220013404000310015605000210018708000120020808200160022010000310023624501150026726400580038230000410044033600310048133700330051233800430054549000260058850002110061450000240082550000220084958800830087159001620095465000170111665500270113370000290116076500380118979700180122783000270124585600630127299900170133585055FINmELB20241217171347.0m o d | cr cnu||||||||231025s2023 mx o 001 0 spa d a9786078742851q(e-book) a(OCoLC)1410392129 aFINmELBbspaerdacFINmELB 4aHS395bD579 2023 a061.25104a133.3332231 aDillon, George F.,eautor.13aLa masonería del gran oriente desmascarada como el poder secreto detrás del comunismo /cGeorge F. Dillon. 1aCiudad de México :bGrupo Editorial Éxodo,c2023. a1 recurso en línea (208 páginas) atextobtxt2rdacontent/spa acomputadorabc2rdamedia/spa arecurso en líneabcr2rdacarrier/spa1 aColección Religiosa aEste trabajo está dedicado a la memoria de Su Santidad, el Papa León XIII, cuyo mandato a los fieles de “arrancar la máscara de la masonería” inspiró el título de la nueva edición en 1950. aIncluye apéndice. aIncluye índice. aDescripción basada en metadatos suministrados por el editor y otras fuentes. aRecurso electrónico. Santa Fe, Arg.: elibro, 2023. Disponible vía World Wide Web. El acceso puede estar limitado para las bibliotecas afiliadas a elibro. 4aMasonería. 4aLibros electrónicos.1 aFahey, Denis,eprefacio.0 tGrand Orient Freemasonry Unmasked2 aelibro, Corp. 0aColección Religiosa.40uhttps://elibro.net/ereader/politecnicointernacional/234723 c85055d85055